| 000 | 00379 a2200157 4500 | ||
|---|---|---|---|
| 001 | 72012 | ||
| 020 | _a | ||
| 040 | _cAnchieta - Colégio São Paulo | ||
| 100 | _aMachado, Ana Maria | ||
| 240 | 1 | 0 |
_aPalavras, palavrinhas e palavrões _lpor |
| 245 | 1 | 0 | _aPalavras, palavrinhas e palavrões |
| 300 | _a[20p.] | ||
| 362 | 0 | _a1986 | |
| 650 | 4 | _aLiteratura infantil | |
| 942 | _cBK | ||
| 999 |
_c72012 _d72012 |
||